Antibiotic resistant pathogens outbreak investigation : (Record no. 20923)
[ view plain ]
| 000 -LEADER | |
|---|---|
| fixed length control field | 00916nam a22002297a 4500 |
| 003 - CONTROL NUMBER IDENTIFIER | |
| control field | OSt |
| 005 - DATE AND TIME OF LATEST TRANSACTION | |
| control field | 20250414085810.0 |
| 008 - FIXED-LENGTH DATA ELEMENTS--GENERAL INFORMATION | |
| fixed length control field | 240827b ||||| |||| 00| 0 eng d |
| 040 ## - CATALOGING SOURCE | |
| Transcribing agency | 0 |
| 082 ## - DEWEY DECIMAL CLASSIFICATION NUMBER | |
| Classification number | DPer 570 J826 2021 v. 53 n. 1-5. |
| 100 ## - MAIN ENTRY--PERSONAL NAME | |
| Personal name | Pierce, Amanda A. |
| Relator term | author. |
| 9 (RLIN) | 59044 |
| 245 ## - TITLE STATEMENT | |
| Title | Antibiotic resistant pathogens outbreak investigation : |
| Remainder of title | an interdisciplinary module to teach fundamentals of evolutionary biology / |
| Statement of responsibility, etc. | Amanda A. Pierce, and Tom J.B. De man |
| 260 ## - PUBLICATION, DISTRIBUTION, ETC. (IMPRINT) | |
| Place of publication, distribution, etc. | United Kingdom ; |
| Name of publisher, distributor, etc. | Taylor & Francis Group, |
| Date of publication, distribution, etc. | April 2019. |
| 300 ## - PHYSICAL DESCRIPTION | |
| Extent | volume 53, pages 150-156, |
| Other physical details | illustration. |
| 500 ## - GENERAL NOTE | |
| General note | Journal of Biological Education, v. 53 n. 2, pages 150-156, April 2019. |
| 650 #0 - SUBJECT ADDED ENTRY--TOPICAL TERM | |
| Topical term or geographic name as entry element | Evolution. |
| 9 (RLIN) | 66425 |
| 650 #0 - SUBJECT ADDED ENTRY--TOPICAL TERM | |
| Topical term or geographic name as entry element | Information Technology. |
| 9 (RLIN) | 66426 |
| 650 #0 - SUBJECT ADDED ENTRY--TOPICAL TERM | |
| Topical term or geographic name as entry element | Microbiology. |
| 9 (RLIN) | 66427 |
| 700 ## - ADDED ENTRY--PERSONAL NAME | |
| Personal name | Pierce, Amanda A. |
| Relator term | author. |
| 9 (RLIN) | 59044 |
| 700 ## - ADDED ENTRY--PERSONAL NAME | |
| Personal name | De man, Tom J.B. |
| Relator term | author. |
| 9 (RLIN) | 59045 |
| 942 ## - ADDED ENTRY ELEMENTS (KOHA) | |
| Source of classification or shelving scheme | Dewey Decimal Classification |
| Koha item type | Periodicals |
| Withdrawn status | Lost status | Source of classification or shelving scheme | Damaged status | Not for loan | Collection code | Home library | Current library | Date acquired | Total Checkouts | Full call number | Date last seen | Price effective from | Koha item type | Public note |
|---|---|---|---|---|---|---|---|---|---|---|---|---|---|---|
| Dewey Decimal Classification | Periodicals | UM Digos College - LIC | UM Digos College - LIC | 08/27/2024 | DPer 570J826 2021 v53,no 1-5. | 08/27/2024 | 08/27/2024 | Periodicals | Periodical Article |
